| 000 | 00652nam a2200205 a 4500 | ||
|---|---|---|---|
| 001 | 47207 | ||
| 003 | BD-RjUL | ||
| 005 | 20211209054257.0 | ||
| 008 | 160807s1957 inu b 000 0 eng | ||
| 035 | _a(BD-RjUL)47326 | ||
| 040 |
_aDLC _cOTU _dOCoLC _dPU _dBD-RjUL _beng |
||
| 041 | _aeng | ||
| 082 |
_a351 _223 _bTOW 1957 |
||
| 245 | 0 |
_aToward the comparative study of public administration / _cEdited by William J. Siffin, assistant professor. |
|
| 260 |
_aBloomington : _bIndiana university press, _c1957 |
||
| 300 |
_av, 331 p. ; _c23 cm. |
||
| 650 | 0 |
_aPublic administration. _9143745 |
|
| 700 | 1 |
_aSiffin, William J., _eed. _9143746 |
|
| 942 |
_2ddc _cBK |
||
| 999 |
_c47207 _d47207 |
||